LEADER 00910nam0-22003131i-450- 001 990002014960403321 005 20070220140536.0 035 $a000201496 035 $aFED01000201496 035 $a(Aleph)000201496FED01 035 $a000201496 100 $a20030910d1979----km-y0itay50------ba 101 0 $aita 102 $aIT 200 1 $aIsopodi$eCrustacea Isopoda$fRoberto Argano 210 $aRoma$cConsiglio nazionale delle ricerche$d1979 215 $a63 p.$d21 cm 225 1 $aGuide per il riconoscimento delle specie animali delle acque interne italiane$v5 610 0 $aCrostacei$aIsopoda 676 $a595.372 700 1$aArgano,$bRoberto$070204 712 02$aConsiglio nazionale delle ricerche 801 0$aIT$bUNINA$gRICA$2UNIMARC 901 $aBK 912 $a990002014960403321 952 $a61 III F.2/34$b968$fDAGEN 959 $aDAGEN 996 $aIsopodi$9405564 997 $aUNINA LEADER 00757nas 2200265zu 450 001 9911050219803321 005 20260111162544.0 011 $a2962-1747 035 $a(CKB)44917270300041 035 $a(EXLCZ)9944917270300041 100 $a20260111cuuuuuuuu || | 101 0 $aeng 135 $aur||||||||||| 200 00$aJournal of Communication Studies and Society 210 $aIndonesia: $cUniversitas Pendidikan Nasional 610 0$acommunication 610 0$ajournalism 610 0$acultural studies 610 0$apublic relations 610 0$acorporate communication 610 0$abusiness communication 906 $aJOURNAL 912 $a9911050219803321 996 $aJournal of Communication Studies and Society$94523653 997 $aUNINA